| 000 | 00397pam a2200157a 44500 | ||
|---|---|---|---|
| 008 | 230515b1987 xxu||||| |||| 00| 0 eng d | ||
| 020 | _a0 | ||
| 041 | _aHINDI | ||
| 082 | _a615.2 GUN | ||
| 100 | _aGUNE GANGANDHAR SHASTRI | ||
| 245 | _aAYURVEDIYA AOUSHDHE GUNEDHARM SHASTRA PART - 2 | ||
| 250 | _aN.D. | ||
| 260 |
_aPUNE _bVIDYAK GRANTH BHANDAR _c1987 |
||
| 300 | _a96 | ||
| 650 | _aRASASHASTRA | ||
| 999 |
_c483953 _d483953 |
||